MARC details
| 000 -CABECERA |
| campo de control de longitud fija |
02521nam a2200253 a 4500 |
| 001 - NÚMERO DE CONTROL |
| campo de control |
000015099 |
| 005 - FECHA Y HORA DE LA ÚLTIMA TRANSACCIÓN |
| campo de control |
20200929163945.0 |
| 008 - DATOS DE LONGITUD FIJA--INFORMACIÓN GENERAL |
| campo de control de longitud fija |
100201s2005 dr ac 001 0 spa d |
| 020 ## - NÚMERO INTERNACIONAL ESTÁNDAR DEL LIBRO |
| Número Internacional Estándar del Libro |
9993467227 |
| 040 ## - FUENTE DE LA CATALOGACIÓN |
| Centro catalogador/agencia de origen |
DO-SdBNP |
| Lengua de catalogación |
spa |
| Centro/agencia transcriptor |
BNPHU |
| 082 ## - NÚMERO DE LA CLASIFICACIÓN DECIMAL DEWEY |
| Número de clasificación |
920.24 |
| Número de documento/Ítem |
P419M |
| 049 ## - FONDOS LOCALES (OCLC) |
| Fondos de biblioteca |
BNPD |
| 100 1# - ENTRADA PRINCIPAL--NOMBRE DE PERSONA |
| Nombre de persona |
Penzo Pichardo, Mario Augusto |
| Fechas asociadas al nombre |
1944- |
| 9 (RLIN) |
34182 |
| 245 10 - MENCIÓN DE TÍTULO |
| Título |
Mario Penzo Fondeur : |
| Resto del título |
una vida al servicio de la ingeniería : apuntes e imágenes de familia / |
| Mención de responsabilidad, etc. |
Mario Augusto Penzo Pichardo, Natalio Puras Penzo ; Prólogo Roque Napoleón Muñoz. |
| 260 ## - PUBLICACIÓN, DISTRIBUCIÓN, ETC. |
| Lugar de publicación, distribución, etc. |
Santo Domingo : |
| Nombre del editor, distribuidor, etc. |
Amigo del Hogar, |
| Fecha de publicación, distribución, etc. |
2005. |
| 300 ## - DESCRIPCIÓN FÍSICA |
| Extensión |
279 p. : |
| Otras características físicas |
il., retrs. ; |
| Dimensiones |
26 cm. |
| 500 ## - NOTA GENERAL |
| Nota general |
Incluye datos biográficos de los autores en la contrasolapa |
| 505 2# - NOTA DE CONTENIDO CON FORMATO |
| Nota de contenido con formato |
Prólogo /Roque Napoleón Muñoz --Introducción -- Una vida al servicio de la ingeniería / Mario Penzo Fondeur -- El profesor -- El funcionario público -- El empresario de la construcción -- Padre de familia -- Sus pasatiempos -- Su libro : Apuntes de una cátedra -- Repercusiones internacionales -- Ex discípulos destacados -- Ultimas actividade -- Condecoraciones y homenajes -- Epílogo -- Bibliografía --Apuntes e imagenes de familia reflexiones y dedicatoria -- La Deuda Sagrada -- Origen de los Fondeur -- Los 90 años de Mamita Virginia -- Los 100 años de Ninina -- El doctor Nicolás Penzo Fondeur -- Gloria y Federico Penzo Fondeur -- Primera Comunión de Nicolás, Federico y Gloria Penzo Fondeur -- Mario, Ana y Nicolás Penzo Fondeur -- Mario Penzo Fondeur, sus familiares y algunas de sus obras -- José Augusto Sánchez Penzo y Salvador Sánchez, hijo de José Amado Sánchez Penzo -- Nicolás Augusto Penzo Amarante Don Augusto -- 50 años del matrimonio Penzo-Fondeur -- 50 aniversario de bodas Penzo-Pichardo -- Los 100 años de Leticia Fondeur Viudad Penzo-- Llegada del primer Penzo a República Dominicana-- Nicolás Penzo-Pierre y su descendencia -- Mario Penzo-Amarante -- Ferretería Moderna de Augusto Penzo y Co. -APECO- -- Alejandro Leonte Penzo Amarante --Los Penzo Amarante, cofundadores del Centro de Recreo de Santiago -- Boda Nucha y Palote -- Fotografías de Isa Puras Penzo y Noemí Penzo Pichardo -- Matrimonio Puras-Penzo -- Cartas de Tío Goyo y Gregorita. |
| 504 ## - NOTA DE BIBLIOGRAFÍA, ETC. |
| Nota de bibliografía, etc. |
Incluye bibliografía (p. 177) |
| 600 14 - PUNTO DE ACCESO ADICIONAL DE MATERIA--NOMBRE DE PERSONA |
| Nombre de persona |
PENZO FONDEUR, MARIO, |
| Fechas asociadas al nombre |
1910-2003 |
| 9 (RLIN) |
34183 |
| 650 #4 - PUNTO DE ACCESO ADICIONAL DE MATERIA--TÉRMINO DE MATERIA |
| Término de materia o nombre geográfico como elemento de entrada |
Penzo fondeur (familia) |
| Subdivisión general |
Genealogía |
| 9 (RLIN) |
34184 |
| 650 #4 - PUNTO DE ACCESO ADICIONAL DE MATERIA--TÉRMINO DE MATERIA |
| Término de materia o nombre geográfico como elemento de entrada |
Ingeniería civil |
| Subdivisión general |
Historia |
| Subdivisión geográfica |
República Dominicana |
| 9 (RLIN) |
34185 |
| 700 1# - PUNTO DE ACCESO ADICIONAL--NOMBRE DE PERSONA |
| Nombre de persona |
Puras Penzo, Natalio, |
| Fechas asociadas al nombre |
1934- |
| 9 (RLIN) |
34186 |